[Event "SLO-ch U16 Girls"]
[Site "Debeli Rtic"]
[Date "2012.02.22"]
[Round "7"]
[White "Veliscek, Iza"]
[Black "Skvorc, Laura"]
[Result "0-1"]
[WhiteElo "1542"]
[BlackElo "1557"]
[PlyCount "62"]
[EventDate "2012.02.18"]
[EventType "swiss"]
[EventRounds "9"]
[EventCountry "SLO"]
[SourceTitle "EXT 2022"]
[Source "ChessBase"]
[SourceDate "2021.10.06"]
[SourceVersion "1"]
[SourceVersionDate "2021.10.06"]
[SourceQuality "1"]

1. e4 e5 2. Bc4 Bc5 3. d3 Nf6 4. Nc3 0-0 5. f4 exf4 6. Bxf4 h6 7. Nf3 Nc6 8. Na4 Be7 9. 0-0 d6 10. Qd2 Kh7 11. Rae1 a6 12. Nc3 Bg4 13. h3 Bxf3 14. Rxf3 Nh5 15. Ref1 Nxf4 16. Qxf4 Ne5 17. R3f2 Bg5 18. Qh2 Be3 19. Bd5 Qg5 20. Bxb7 Nf3+ 21. Kh1 Nxh2 22. Kxh2 Bxf2 23. Rxf2 Ra7 24. Bd5 f6 25. Rf5 Qd2 26. Be6 Re8 27. Bf7 Re7 28. Bh5 Re5 29. Nd5 Rxf5 30. exf5 c6 31. Bg6+ Kg8 0-1

[Event "Nova Gorica op-A 16th"]
[Site "Nova Gorica"]
[Date "2011.01.29"]
[Round "3"]
[White "Bratkovic, Sham"]
[Black "Veliscek, Iza"]
[Result "1-0"]
[WhiteElo "1706"]
[BlackElo "1589"]
[PlyCount "119"]
[EventDate "2011.01.28"]
[EventType "swiss"]
[EventRounds "9"]
[EventCountry "SLO"]
[SourceTitle "CBM 140 Extra"]
[Source "ChessBase"]
[SourceDate "2011.03.01"]
[SourceVersion "1"]
[SourceVersionDate "2011.03.01"]
[SourceQuality "1"]

1. e4 e6 2. d4 d5 3. Nd2 Nf6 4. e5 Nfd7 5. Bd3 c5 6. c3 Nc6 7. Ne2 Qb6 8. Nf3 Be7 9. 0-0 Nf8 10. h4 h6 11. Rb1 Bd7 12. a3 c4 13. Bc2 a5 14. b3 Qc7 15. g3 b5 16. b4 a4 17. Nf4 Rg8 18. Nh3 Qd8 19. h5 g6 20. hxg6 Nxg6 21. Bxg6 Rxg6 22. Nf4 Rg8 23. Kg2 Qc7 24. Rh1 0-0-0 25. Rxh6 Rh8 26. Qh1 Rxh6 27. Qxh6 Rf8 28. Be3 Qd8 29. Rh1 Qe8 30. Qh7 Bd8 31. Nh5 Rh8 32. Ng7 Rxh7 33. Nxe8 Rxh1 34. Nd6+ Kb8 35. Kxh1 Ne7 36. Nxf7 Bc7 37. Bg5 Ng6 38. Nh4 Nf8 39. Be7 Be8 40. Ng5 Ng6 41. Nxg6 Bxg6 42. Nxe6 Bf5 43. Nxc7 Kxc7 44. f3 Kd7 45. Bf6 Ke6 46. Kh2 Bd3 47. Kh3 Kf5 48. Kg2 Bc2 49. Bd8 Bd3 50. Bh4 Bc2 51. Kf2 Bd3 52. Ke3 Ke6 53. g4 Bg6 54. f4 Bh7 55. f5+ Kf7 56. Kf4 Ke8 57. g5 Kf8 58. g6 Bg8 59. Bf6 Bf7 60. gxf7 1-0

[Event "SLO-ch U16 Girls"]
[Site "Slovenia"]
[Date "2010.??.??"]
[Round "9"]
[White "Kralj, Manca"]
[Black "Veliscek, Iza"]
[Result "1-0"]
[WhiteElo "1780"]
[BlackElo "1597"]
[PlyCount "43"]
[EventDate "2010.??.??"]
[EventType "swiss"]
[EventRounds "9"]
[EventCountry "SLO"]
[SourceTitle "EXT 2012"]
[Source "ChessBase"]
[SourceDate "2011.11.24"]
[SourceVersion "1"]
[SourceVersionDate "2011.11.24"]
[SourceQuality "1"]

1. e4 e6 2. d4 d5 3. exd5 exd5 4. Bd3 Nf6 5. Bf4 Be7 6. Nf3 Bg4 7. Nbd2 0-0 8. h3 Be6 9. 0-0 c5 10. dxc5 Bxc5 11. Nb3 Nbd7 12. Nxc5 Nxc5 13. Re1 Re8 14. Bg5 h6 15. Bh4 g5 16. Nxg5 hxg5 17. Bxg5 Kf8 18. Qf3 Ncd7 19. Bb5 Rc8 20. Bxd7 Qxd7 21. Qxf6 Re7 22. Qh8# 1-0

[Event "Nova Gorica op-B 14th"]
[Site "Nova Gorica"]
[Date "2009.02.06"]
[Round "8"]
[White "Menon, Carlo"]
[Black "Veliscek, Iza"]
[Result "1-0"]
[WhiteElo "1500"]
[BlackElo "1500"]
[PlyCount "175"]
[EventDate "2009.01.31"]
[EventType "swiss"]
[EventRounds "9"]
[EventCountry "SLO"]
[SourceTitle "EXT 2011"]
[Source "ChessBase"]
[SourceDate "2010.11.26"]
[SourceVersion "1"]
[SourceVersionDate "2010.11.26"]
[SourceQuality "1"]

1. d4 Nf6 2. c4 g6 3. Nc3 d5 4. Bg5 Bg7 5. Qd2 c6 6. h3 Bf5 7. Bxf6 Bxf6 8. cxd5 cxd5 9. e3 Nc6 10. Bb5 0-0 11. Bxc6 bxc6 12. Nge2 Rb8 13. Na4 Re8 14. 0-0 e5 15. b4 Qd6 16. a3 Re7 17. Rfc1 Rbe8 18. Nc5 exd4 19. Nxd4 Bxd4 20. Qxd4 Qe5 21. Qxe5 Rxe5 22. Nb3 Rc8 23. Rc5 h5 24. Rac1 Bd7 25. Nd4 f5 26. b5 Rc7 27. Nxc6 Bxc6 28. Rxc6 Rb7 29. R1c5 Kf7 30. a4 g5 31. Ra6 g4 32. hxg4 fxg4 33. Rd6 h4 34. Rcxd5 Rxd5 35. Rxd5 Kg6 36. Kh2 Rh7 37. f3 g3+ 38. Kh3 Kf6 39. Rd4 Re7 40. Rf4+ Kg5 41. Rxh4 Rxe3 42. Kxg3 Ra3 43. Rg4+ Kf5 44. Kf2 Ra2+ 45. Ke3 Ra3+ 46. Kd2 Ke5 47. Kc2 Kd5 48. Kb2 Re3 49. Re4 Rd3 50. Re2 Kc5 51. Rc2+ Kb4 52. Kb1 Kxa4 53. Ra2+ Kxb5 54. Rxa7 Rd2 55. Rg7 Kc4 56. Kc1 Rf2 57. Kd1 Kd3 58. Ke1 Ra2 59. Kf1 Ke3 60. Kg1 Ra1+ 61. Kh2 Rf1 62. Rb7 Rc1 63. Kg3 Rc8 64. Re7+ Kd4 65. f4 Rg8+ 66. Kf3 Kd5 67. g4 Kd6 68. Re3 Rh8 69. Kg3 Kd5 70. g5 Kd4 71. Re1 Rb8 72. Kg4 Rb2 73. g6 Kd3 74. Kg5 Rb5+ 75. f5 Rb2 76. g7 Kd4 77. Kg6 Rb8 78. f6 Kc3 79. f7 Rb6+ 80. Kh7 Kd2 81. Re7 Rb3 82. f8Q Rh3+ 83. Kg8 Rd3 84. Qf2+ Kc3 85. Rc7+ Kb3 86. Qc2+ Ka3 87. Qxd3+ Ka4 88. Rb7 1-0

[Event "Nova Gorica op-B 14th"]
[Site "Nova Gorica"]
[Date "2009.02.02"]
[Round "4"]
[White "Veliscek, Iza"]
[Black "Grosar, Vojko"]
[Result "1/2-1/2"]
[WhiteElo "1500"]
[BlackElo "1870"]
[PlyCount "24"]
[EventDate "2009.01.31"]
[EventType "swiss"]
[EventRounds "9"]
[EventCountry "SLO"]
[SourceTitle "EXT 2011"]
[Source "ChessBase"]
[SourceDate "2010.11.26"]
[SourceVersion "1"]
[SourceVersionDate "2010.11.26"]
[SourceQuality "1"]

1. e4 g6 2. d4 d6 3. f4 b6 4. Nf3 Bb7 5. Bd3 Bg7 6. c3 Nd7 7. 0-0 e6 8. Qe2 Qe7 9. Nbd2 Ngf6 10. e5 dxe5 11. fxe5 Nd5 12. Nb3 h6 1/2-1/2

[Event "Nova Gorica op-B 14th"]
[Site "Nova Gorica"]
[Date "2009.01.31"]
[Round "1"]
[White "Nikolic, Stanko"]
[Black "Veliscek, Iza"]
[Result "1-0"]
[WhiteElo "1946"]
[BlackElo "1500"]
[PlyCount "53"]
[EventDate "2009.01.31"]
[EventType "swiss"]
[EventRounds "9"]
[EventCountry "SLO"]
[SourceTitle "EXT 2011"]
[Source "ChessBase"]
[SourceDate "2010.11.26"]
[SourceVersion "1"]
[SourceVersionDate "2010.11.26"]
[SourceQuality "1"]

1. e4 e6 2. Qe2 Nc6 3. g3 d5 4. Bg2 Be7 5. c3 Nf6 6. e5 Nd7 7. d4 Ncb8 8. f4 c5 9. Nf3 b6 10. Be3 Ba6 11. Qc2 Nc6 12. Nbd2 Qc7 13. a3 c4 14. f5 0-0-0 15. Bh3 Nf8 16. 0-0 Re8 17. Bg5 h6 18. Bxe7 Qxe7 19. Rfb1 b5 20. b3 Kd7 21. a4 f6 22. fxe6+ Nxe6 23. exf6 gxf6 24. axb5 Bxb5 25. bxc4 Rb8 26. cxb5 Kd6 27. bxc6 1-0

[Event "SLO-ch U12 Girls"]
[Site "Postojna"]
[Date "2008.02.28"]
[Round "6"]
[White "Skvorc, Laura"]
[Black "Veliscek, Iza"]
[Result "1-0"]
[WhiteElo "1500"]
[BlackElo "1500"]
[PlyCount "83"]
[EventDate "2008.02.24"]
[EventType "swiss"]
[EventRounds "9"]
[EventCountry "SLO"]
[SourceTitle "EXT 2010"]
[Source "ChessBase"]
[SourceDate "2010.11.25"]
[SourceVersion "1"]
[SourceVersionDate "2010.11.25"]
[SourceQuality "1"]

1. e4 e5 2. Nf3 Nc6 3. Bc4 Bc5 4. Nc3 Nf6 5. d3 h6 6. 0-0 d6 7. h3 0-0 8. Nh2 Be6 9. Bb3 Nd4 10. Kh1 Nh7 11. Ng4 Qh4 12. f4 Bxg4 13. Qxg4 Qxg4 14. hxg4 Nxb3 15. axb3 exf4 16. Bxf4 f6 17. Nd5 Rf7 18. c3 g5 19. Bg3 c6 20. d4 Bxd4 21. cxd4 cxd5 22. exd5 a5 23. Rae1 Rd7 24. Re6 Ra6 25. Rc1 Kf7 26. Rc8 Re7 27. Rxd6 Rxd6 28. Bxd6 Re1+ 29. Kh2 Rd1 30. Rc7+ Kg8 31. Bc5 Nf8 32. d6 Rd2 33. Rc8 Kf7 34. Rxf8+ Kxf8 35. d7+ Kf7 36. d8Q Rxb2 37. Qd7+ Kg6 38. Qe8+ Kg7 39. Bf8+ Kg8 40. Bxh6+ Kh7 41. Qf8 Rxb3 42. Qg7# 1-0

[Event "Nova Gorica op-B 13th"]
[Site "Nova Gorica"]
[Date "2008.01.27"]
[Round "3"]
[White "Veliscek, Iza"]
[Black "Feltrin, Kris"]
[Result "1-0"]
[WhiteElo "1500"]
[BlackElo "1500"]
[PlyCount "41"]
[EventDate "2008.01.26"]
[EventType "swiss"]
[EventRounds "9"]
[EventCountry "SLO"]
[SourceTitle "EXT 2010"]
[Source "ChessBase"]
[SourceDate "2010.11.25"]
[SourceVersion "1"]
[SourceVersionDate "2010.11.25"]
[SourceQuality "1"]

1. e4 e5 2. Nf3 Nc6 3. Bc4 a6 4. Nc3 b5 5. Bd5 Nf6 6. d3 h6 7. Nxe5 Bb7 8. Nxf7 Qe7 9. Nxh8 Nxd5 10. Nxd5 Qd6 11. Qh5+ Kd8 12. Nf7+ Kc8 13. Nxd6+ Bxd6 14. Qe8+ Nd8 15. e5 Bb4+ 16. Nxb4 Bxg2 17. Rg1 Bb7 18. Rxg7 a5 19. Qxd7+ Kb8 20. Qxc7+ Ka7 21. Be3# 1-0

[Event "SLO-ch U12 Girls"]
[Site "Murska Sobota"]
[Date "2007.02.25"]
[Round "1"]
[White "Kuk, Nika"]
[Black "Veliscek, Iza"]
[Result "1-0"]
[WhiteElo "1588"]
[BlackElo "1500"]
[PlyCount "99"]
[EventDate "2007.02.25"]
[EventType "swiss"]
[EventRounds "9"]
[EventCountry "SLO"]
[SourceTitle "CBM 117 Extra"]
[Source "ChessBase"]
[SourceDate "2007.05.09"]
[SourceVersion "1"]
[SourceVersionDate "2007.05.09"]
[SourceQuality "1"]

1. e4 e5 2. Nf3 Nc6 3. Nc3 Nf6 4. d4 Bd6 5. Be3 0-0 6. Bd3 Re8 7. d5 Nb4 8. Be2 c6 9. a3 Na6 10. dxc6 bxc6 11. Qxd6 Re6 12. Qd2 Qc7 13. 0-0 Rd6 14. Bd3 c5 15. Qe1 c4 16. Be2 Re6 17. Nd2 Bb7 18. Bxc4 Rc6 19. Bd5 Nxd5 20. Nxd5 Qd6 21. Nc3 Qg6 22. f4 Qg4 23. Qf2 Re8 24. fxe5 Rf8 25. Qf5 Qh4 26. Rf3 Bc8 27. Rh3 d6 28. Qxc8 Rfxc8 29. Rxh4 dxe5 30. Bxa7 Rd6 31. Be3 h6 32. Rc1 g5 33. Rh3 Nc5 34. Bxc5 Rxc5 35. Rd3 Rg6 36. Rd8+ Kg7 37. Rd5 Rcc6 38. Rxe5 g4 39. g3 Rc7 40. Nd5 f6 41. Re7+ Rxe7 42. Nxe7 Rg5 43. Nf5+ Kg6 44. c4 Kh5 45. c5 Rg8 46. c6 Rc8 47. c7 Kg5 48. Nd6 Rh8 49. c8Q Rh7 50. Qf5# 1-0

[Event "Nova Gorica op-B 12th"]
[Site "Nova Gorica"]
[Date "2007.01.29"]
[Round "6"]
[White "Veliscek, Iza"]
[Black "Petrovcic, Peter"]
[Result "1/2-1/2"]
[WhiteElo "1500"]
[BlackElo "1500"]
[PlyCount "38"]
[EventDate "2007.01.26"]
[EventType "swiss"]
[EventRounds "9"]
[EventCountry "SLO"]
[SourceTitle "CBM 116 Extra"]
[Source "ChessBase"]
[SourceDate "2007.03.07"]
[SourceVersion "1"]
[SourceVersionDate "2007.03.07"]
[SourceQuality "1"]

1. e4 e5 2. Nf3 d6 3. Nc3 Nf6 4. h3 Nc6 5. Bb5 Bd7 6. d3 h6 7. 0-0 Be7 8. Be3 0-0 9. a3 a6 10. Ba4 b5 11. Bb3 Be6 12. d4 exd4 13. Bxd4 Nxd4 14. Nxd4 Bxb3 15. cxb3 c5 16. Nc6 Qd7 17. Nxe7+ Qxe7 18. Re1 Qb7 19. Qxd6 b4 1/2-1/2